| 000 | 00905nam a2200253Ia 4500 | ||
|---|---|---|---|
| 001 | 16460 | ||
| 003 | GE_BSU | ||
| 008 | 181216s||||||||xx |||||||||||||| ||und|| | ||
| 020 | _a9782340001671 | ||
| 040 | _cGE_BSU | ||
| 080 | _a811.133.1+33 | ||
| 100 | _aDaniel, Jean-Marc | ||
| 245 | _aManuel d'Économie | ||
| 245 | _bClasses preparatoires,Grandes ecoles,Concours | ||
| 260 | _aParis | ||
| 260 | _bEllipses | ||
| 260 | _c2014 | ||
| 300 | _a255p;23cm. | ||
| 541 | _h99gel. | ||
| 653 | _aLe but de ce livre est de faire un exposé à la fois scientifique et accessible des connaissances en économie, un exposé qui puisse servir aussi bien aux étudiants qu'aux curieux désireux de dépasser les poncifs pour comprendre le monde dans lequel nous vivons. Comprendre et faire comprendre est l'ob | ||
| 653 | _aManuel d'Économie | ||
| 653 | _aფრანგული ენა | ||
| 942 | _cBK | ||
| 999 |
_c49531 _d49531 |
||